U.S. States with Y in their name - Statistics

General Stats
  • This quiz has been taken 49 times
  • The average score is 5 of 6
Answer Stats
# of Y's Answer % Correct
1 Wyoming
95%
1 New York
93%
1 Kentucky
84%
1 Maryland
79%
1 New Jersey
72%
1 Pennsylvania
63%
No matching quizzes found
Score Distribution
Percent of People with Each Score
Percentile by Number Answered
Your Score History
You have not taken this quiz